DEL2 Ewige Tabelle - Statistiken

Allgemein
  • Dieses Quiz wurde 179 mal gespielt
  • Das Durchschnittsergebnis liegt bei 17 aus 26
Antwortstatistiken
Platz Antwort % Korrekt
6 EC Kassel Huskies
95%
22 Krefeld Pinguine
93%
3 Dresdner Eislöwen
89%
2 Bietigheim Steelers
88%
12 Löwen Frankfurt
82%
8 Eispiraten Crimmitschau
81%
11 EHC Freiburg
80%
21 Eisbären Regensburg
80%
1 Ravensburg Towerstars
80%
9 EV Landshut
79%
4 Lausitzer Füchse
79%
7 ESV Kaufbeuren
78%
15 Starbulls Rosenheim
76%
23 Selber Wölfe
72%
14 Pinguins Bremerhaven
71%
10 EC Bad Nauheim
69%
20 Hannover Indians
69%
5 Heilbronner Falken
58%
17 Tölzer Löwen
56%
18 Bayreuth Tigers
48%
19 EHC München
46%
13 SC Riessersee
41%
24 ESC Moskitos Essen
37%
25 Deggendorfer SC
29%
26 EV Landsberg 2000
12%
16 SERC Wild Wings
7%
Keine übereinstimmenden Quizze gefunden
Verteilung der Resultate
Anzahl Personen mit jedem Resultat
Perzentil nach korrekt beantworteten Fragen
Ihre Resultats-Entwicklung
Sie haben dieses Quiz noch nicht gespielt